The message of Swami Vivekananada for youth in the Perspective of the 125th year of the Historic Chicago Addresses of Swamiji/ (Record no. 180013)

MARC details
000 -LEADER
fixed length control field 00676nam a22001817a 4500
005 - DATE AND TIME OF LATEST TRANSACTION
control field 20210720164049.0
010 ## - LCCN (DPL NO)
LC control number ENG-129602
020 ## - INTERNATIONAL STANDARD BOOK NUMBER
International Standard Book Number 978-93-88542-11-1
Terms of availability 60.00
035 ## - SYSTEM CONTROL NUMBER
System control number EN-113134
037 ## - SOURCE OF ACQUISITION
Source of stock number/acquisition DBAD/PUB
082 ## - DEWEY DECIMAL CLASSIFICATION NUMBER
Classification number 170.842
100 ## - MAIN ENTRY--PERSONAL NAME
Personal name Swami Suparnananda
245 ## - TITLE STATEMENT
Title The message of Swami Vivekananada for youth in the Perspective of the 125th year of the Historic Chicago Addresses of Swamiji/
Statement of responsibility, etc by Swami Suparnananda
260 ## - PUBLICATION, DISTRIBUTION, ETC. (IMPRINT)
Place of publication, distribution, etc Kolkata
Name of publisher, distributor, etc Swami Suparnananda
Date of publication, distribution, etc 2019
270 ## - ADDRESS
Address Ramakrishna Mission Institute of Culture, Gol Park
City Kolkata
Postal code 700029
Electronic mail address rmicsale@gmail.com
300 ## - PHYSICAL DESCRIPTION
Extent 71 p;
Dimensions 22cm(pbk)
942 ## - ADDED ENTRY ELEMENTS (KOHA)
Source of classification or shelving scheme Dewey Decimal Classification
Item type English Books
Classification part 170.842
Call number suffix SUP
Holdings
Withdrawn status Lost status Not for loan Collection code Home library Current library Date acquired Source of acquisition Cost, normal purchase price Full call number Barcode Copy number Cost, replacement price Koha item type
      Non-fiction Central Library Central Library 20/07/2021 DBAD/PUB 60.00 170.842 SUP EN-113134 1 60.00 English Books

© Delhi Public Library
Hit Counter
free hit counter